000 00490nam a2200181Ia 4500
001 16733
005 20260306170332.0
008 260306t2003||||xx |||||||||||||| ||und||
041 _aESP
082 _a349.72
_bH41
100 _aHervada, Javier
_eAUT
245 0 _aColoquios propedéuticos sobre el derecho canónico:
_bConversaciones transcritas y adaptadas por
260 _c2003
300 _a171 páginas :
_c24 cm.
650 _aGEN
654 _aCDE
942 _cLIB
_dJUS
_fJUS
_2ddc
_n
999 _c16733
_d16733